[Event "CZE-chT2F 1415"]
[Site "Czech Republic"]
[Date "2015.02.08"]
[Round "7.46"]
[White "Kantor, Petr"]
[Black "Zadrapa, Radek"]
[Result "0-1"]
[WhiteElo "2065"]
[BlackElo "2018"]
[PlyCount "56"]
[EventDate "2014.11.02"]
[EventType "team-tourn"]
[EventRounds "11"]
[EventCountry "CZE"]
[SourceTitle "EXT 2022"]
[Source "ChessBase"]
[SourceDate "2021.10.06"]
[SourceVersion "1"]
[SourceVersionDate "2021.10.06"]
[SourceQuality "1"]
[WhiteTeam "Mosty u Jablunkova"]
[BlackTeam "Vsetin"]
[WhiteTeamCountry "CZE"]
[BlackTeamCountry "CZE"]

1. d4 Nf6 2. c4 e6 3. Nc3 Bb4 4. Qc2 c5 5. dxc5 Bxc5 6. e3 0-0 7. Nf3 Nc6 8. a3 a6 9. Be2 Qc7 10. 0-0 b6 11. b3 Bb7 12. Bb2 Rac8 13. Rfd1 Rfd8 14. Rac1 Ng4 15. h3 Nxe3 16. fxe3 Bxe3+ 17. Kh1 Bxc1 18. Qxc1 Na5 19. Na2 f6 20. Qe3 e5 21. Nb4 Qc5 22. Qc3 d5 23. Nd3 Qe3 24. Re1 dxc4 25. Bc1 Rxd3 26. Bxe3 Rxc3 27. Bxb6 Nxb3 28. Nh4 Rxh3+ 0-1

[Event "CZE-chT2F 1314"]
[Site "Czech Republic"]
[Date "2013.12.15"]
[Round "4.35"]
[White "Kantor, Petr"]
[Black "Musil, Vitezslav"]
[Result "1-0"]
[WhiteElo "2087"]
[BlackElo "1987"]
[PlyCount "69"]
[EventDate "2013.11.03"]
[EventType "team-tourn"]
[EventRounds "11"]
[EventCountry "CZE"]
[SourceTitle "EXT 2016"]
[Source "ChessBase"]
[SourceDate "2015.10.08"]
[SourceVersion "1"]
[SourceVersionDate "2015.10.08"]
[SourceQuality "1"]
[WhiteTeam "Mosty u Jablunkova"]
[BlackTeam "Prerov II"]
[WhiteTeamCountry "CZE"]
[BlackTeamCountry "CZE"]

1. d4 Nf6 2. c4 g6 3. Nc3 Bg7 4. e4 d6 5. f3 0-0 6. Be3 b6 7. Qd2 c5 8. Nge2 Nc6 9. Rd1 e5 10. dxc5 dxc5 11. Nd5 Nxd5 12. exd5 Nd4 13. Nc3 Bf5 14. Bd3 Bxd3 15. Qxd3 Qd7 16. 0-0 Rae8 17. Ne4 h6 18. Nc3 f5 19. Rde1 Kh7 20. h3 Bf6 21. Kh1 Bh4 22. Bf2 Bg5 23. Be3 Kg7 24. Qd2 Bxe3 25. Rxe3 f4 26. Ree1 Nf5 27. Rf2 Ne3 28. b3 g5 29. Ne4 Rf5 30. Rfe2 Kg6 31. Qd3 Ref8 32. g4 Kg7 33. gxf5 Nxf5 34. Kh2 Nh4 35. Nd2 1-0

[Event "Moravia-Silesia Region-chT 0708"]
[Site "Czech Republic"]
[Date "2008.03.09"]
[Round "9.3"]
[White "Dostal, Petr"]
[Black "Kantor, Petr"]
[Result "0-1"]
[WhiteElo "1899"]
[BlackElo "2165"]
[PlyCount "92"]
[EventDate "2007.10.28"]
[EventType "team-tourn"]
[EventRounds "11"]
[EventCountry "CZE"]
[SourceTitle "EXT 2024"]
[Source "ChessBase"]
[SourceDate "2023.10.10"]
[SourceVersion "1"]
[SourceVersionDate "2023.10.10"]
[SourceQuality "1"]

1. e4 c6 2. d4 d5 3. exd5 cxd5 4. Nf3 Bg4 5. Be2 e6 6. 0-0 Nf6 7. Bg5 Be7 8. c3 0-0 9. Nbd2 Nc6 10. Ne5 Bxe2 11. Qxe2 Nd7 12. Bxe7 Nxe7 13. Nxd7 Qxd7 14. f4 b5 15. a3 a5 16. Nb3 Rfb8 17. Nc5 Qc7 18. b4 Nf5 19. Qe5 Qd6 20. Qxd6 Nxd6 21. Rfb1 g6 22. g3 Ra7 23. Nb3 axb4 24. axb4 Rba8 25. Rxa7 Rxa7 26. Nc5 Ra2 27. Rc1 Kg7 28. g4 h5 29. g5 Kf8 30. Nd7+ Ke7 31. Ne5 Ne4 32. Nc6+ Ke8 33. Ne5 Nd2 34. Kh1 Kf8 35. Kg1 Kg7 36. h3 Ne4 37. Nd7 Ng3 38. Re1 Ne2+ 39. Kf1 Nxf4 40. Re3 Ng2 41. Rf3 Nh4 42. Rf2 Ra3 43. Rf6 Rxc3 44. Ke2 Nf5 45. Nc5 Nxd4+ 46. Kd2 Rxh3 0-1